000 00693nam a2200253Ia 4500
003 OSt
005 20220928120931.0
006 a|||||r|||| 00| 0
007 ta
008 220927b |||||||| |||| 00| 0 eng d
024 _a45036
037 _cTextual
040 _aSDCL
_cSDCL
_beng
041 _2eng
_aeng
082 _aX64.2'P, P8
100 _aS Mohan Ed.
_9451391
245 0 _aFinancial services
260 _aNew Delhi
_bDeep and Deep Publications
_c2008
300 _axii,587p
_ccm.
650 _aFinancial Services
_9405154
700 _a Elangovan R Ed.
_9435035
942 _hX64.2'P, P8
_cTEXL
_2CC
999 _c765459
_d765459